LEADER 01470nam 2200421 450 001 000002433 005 20070503173300.0 100 $a--------d1912----km-y0itay0103----ba 101 0 $aeng 102 $aUS 200 1 $a<> poetical works of William Henry Drummond$gwith an introduction by Louis Fréchette and an appreciation by Neil Munro 200 1 $a1 $n0003447 210 $aNew York ; London$cPutnam$dc1912 215 $aXXXV, 449 p., [1] c. di tav.$d17 cm. 676 $a811.4 700 1$aDrummond,$bWilliam Henry$0438923 702 1$aFréchette,$bLouis 702 1$aMunro,$bNeil 801 0$aIT$bUniversità della Basilicata - B.I.A.$gRICA$2unimarc 912 $a000002433 996 $aPoetical works of William Henry Drummond$971208 997 $aUNIBAS BAS $aMONLET BAS $aMONOGR BAS $aLETTERE CAT $aCARLUCCI$b01$c19990831$lBAS01$h1251 CAT $aDILEO$b01$c19990902$lBAS01$h0928 CAT $c20000913$lBAS01$h1425 CAT $c20000920$lBAS01$h1830 CAT $c20001010$lBAS01$h1632 CAT $c20050601$lBAS01$h1753 CAT $abatch$b01$c20050718$lBAS01$h1047 CAT $c20050718$lBAS01$h1106 CAT $c20050718$lBAS01$h1136 CAT $c20050718$lBAS01$h1151 CAT $aBATCH$b00$c20070503$lBAS01$h1733 FMT Z30 -1$lBAS01$LBAS01$mBOOK$1BASA1$APolo Storico-Umanistico$2GEN$BCollezione generale$3FP/2921$9FP/2921$62921$5L2921$819990831$f02$FPrestabile Generale LEADER 01045nam0-2200325 --450 001 9910871480003321 005 20250311122359.0 010 $a88-7104-769-9 100 $a20240726d1993----kmuy0itay5050 ba 101 0 $aita 102 $aIT 105 $a 001yy 200 1 $aAldo Moro e la crisi della forma-partito$fa cura di Andrea Ambrogetti$gintroduzione di Giovanni Moro$gscritti di Alfonso Alfonsi ... [et al.] 210 $aNapoli$cEdizioni scientifiche italiane$d1993 215 $a194 p.$d21 cm. 225 1 $aˆL'‰intelligenza e gli avvenimenti$v1 610 0 $aPolitica 610 0 $aItalia$aPolitica 610 0 $aMoro, Aldo$aPensiero politico 676 $a945.0927092$v20 702 1$aAlfonsi,$bAlfonso 702 1$aMoro,$bGiovanni$f<1958- > 702 1$aAmbrogetti,$bAndrea 801 0$aIT$bUNINA$gREICAT$2UNIMARC 901 $aBK 912 $a9910871480003321 952 $aDAM C10 ALFA 01$b2024/7073$fFLFBC 959 $aFLFBC 996 $aAldo Moro e la crisi della forma-partito$94182956 997 $aUNINA